000
00225nam a22000857a 4500
008
160809b xxu||||| |||| 00| 0 eng d
100
_9
82
_a
Bhushan B
245
_a
Lab Manual Chemistry-XI
260
_a
New Delhi
_b
APC Publication
_c
2011
999
_c
2736
_d
2736